Problems of full employment / (Record no. 43457)
[ view plain ]
| 000 -LEADER | |
|---|---|
| fixed length control field | 00756nam a2200253 a 4500 |
| 001 - CONTROL NUMBER | |
| control field | 43457 |
| 003 - CONTROL NUMBER IDENTIFIER | |
| rucl marc code | BD-RjUL |
| 005 - DATE AND TIME OF LATEST TRANSACTION | |
| control field | 20211209053712.0 |
| 008 - FIXED-LENGTH DATA ELEMENTS--GENERAL INFORMATION | |
| fixed length control field | 160622s1960 enka 00110 eng d |
| 035 ## - SYSTEM CONTROL NUMBER | |
| System control number | (BD-RjUL)43575 |
| System control number | 777147 |
| 040 ## - CATALOGING SOURCE | |
| Original cataloging agency | VCTO |
| Transcribing agency | VCTO |
| Language of cataloging | eng |
| 041 ## - LANGUAGE CODE | |
| Language code of text/sound track or separate title | eng |
| 082 ## - DEWEY DECIMAL CLASSIFICATION NUMBER | |
| Classification number | 330.16 |
| Author mark and year | ILP 1960 |
| 100 1# - MAIN ENTRY--PERSONAL NAME | |
| Personal name | Iles, Dennis J. |
| Fuller form of name | (Dennis John) |
| 9 (RLIN) | 133456 |
| 245 10 - TITLE STATEMENT | |
| Title | Problems of full employment / |
| Statement of responsibility, etc. | by D.J. Iles and C.A. Tucker. |
| 260 ## - PUBLICATION, DISTRIBUTION, ETC. (IMPRINT) | |
| Place of publication, distribution, etc. | London : |
| Name of publisher, distributor, etc. | Routledge & Kegan Paul, |
| Date of publication, distribution, etc. | c1960. |
| 300 ## - PHYSICAL DESCRIPTION | |
| Pagination | x, 265 p. : |
| Illustrations | ill. ; |
| Size | 19 cm. |
| 500 ## - GENERAL NOTE | |
| General note | Includes index |
| 650 #0 - SUBJECT ADDED ENTRY--TOPICAL TERM | |
| Topical term or geographic name as entry element | Employment (Economic theory) |
| 9 (RLIN) | 133457 |
| 651 #0 - SUBJECT ADDED ENTRY--GEOGRAPHIC NAME | |
| Geographic name | Great Britain |
| General subdivision | Economic policy |
| Chronological subdivision | 1945- |
| 9 (RLIN) | 133458 |
| 700 1# - ADDED ENTRY--PERSONAL NAME | |
| Personal name | Tucker, C. A. |
| 942 ## - ADDED ENTRY ELEMENTS (KOHA) | |
| Source of classification or shelving scheme | Dewey Decimal Classification |
| Koha item type | Books |
| Lost status | Source of classification or shelving scheme | Damaged status | Not for loan | Collection code | Permanent Location | Current Location | Shelving location | Date acquired | Source of acquisition | Cost, normal purchase price | Total Checkouts | Full call number | Date last seen | Copy number | Koha item type |
|---|---|---|---|---|---|---|---|---|---|---|---|---|---|---|---|
| Dewey Decimal Classification | Non-fiction | Central Library, University of Rajshahi | Central Library, University of Rajshahi | 11/06/1968 | Zeitlinger | 20.00 | 330.16 ILP 1960 | 22/06/2016 | C-2 | Books |